Sociedad civil y cooperación: estrategias de las organizaciones no gubernamentales /
Este artículo aborda la relevancia de la sociedad civil en el mundo contemporáneo por medio de uno de sus canales más institucionalizados: las organizaciones no gubernamentales (ONG). Dichas organizaciones han tomado un papel protagónico aunado a su crecimiento exponencial en los últimos años (aprox...
Guardat en:
| Autor principal: | |
|---|---|
| Format: | Text |
| Matèries: | |
| Etiquetes: |
Afegir etiqueta
Sense etiquetes, Sigues el primer a etiquetar aquest registre!
|
MARC
| LEADER | 00000 a a2200000 04500 | ||
|---|---|---|---|
| 001 | 40722 | ||
| 003 | |||
| 040 | |||
| 100 | |a Aranda B., Gilberto C. | ||
| 245 | |a Sociedad civil y cooperación: |b estrategias de las organizaciones no gubernamentales / |c Gilberto C. Aranda B. | ||
| 500 | |a garanda@uchile.cl | ||
| 520 | |a Este artículo aborda la relevancia de la sociedad civil en el mundo contemporáneo por medio de uno de sus canales más institucionalizados: las organizaciones no gubernamentales (ONG). Dichas organizaciones han tomado un papel protagónico aunado a su crecimiento exponencial en los últimos años (aproximadamente 26 mil ONG internacionales). Entre los factores que podrían explicar esta proliferación de ONG se encuentra la deficitaria credibilidad de los actores políticos tradicionales, así como la dinámica de los Nuevos Movimientos Sociales. El planteamiento es que, detrás de este renovado ascenso estaría el conjunto de recursos de que disponen, tales como competencia en el área de interés, motivación, etc. El trabajo se concentra en observar la participación de ONG en la gestión pública, y su práctica doméstica e internacional. | ||
| 590 | |a RRH/AGOSTO2011 | ||
| 650 | |a 1.SOCIEDAD CIVIL | ||
| 650 | |a 2.ORGANIZACION NO GUBERNAMENTAL | ||
| 650 | |a 3.ESTADO | ||
| 650 | |a 4.ORGANIZACIONES POPULARES | ||
| 650 | |a 5.BIENESTAR SOCIAL | ||
| 773 | |g volumen20, número35 ( , 2009), páginas 75-93 : tablas, gráficos | ||
| 999 | |c 31504 |d 31504 | ||
